[Event "BRA-ch"]
[Site "?"]
[Date "1995.??.??"]
[Round "4"]
[White "Sunye Neto, Jaime"]
[Black "Matsuura, Everaldo"]
[Result "1/2-1/2"]
[WhiteElo "2510"]
[BlackElo "2415"]

1.Nf3 d5 2.g3 Nf6 3.Bg2 g6 4.c4 Bg7 5.cxd5 Nxd5 6.Nc3 O-O 7.O-O Nc6 8.d4 Nb6
9.e3 e5 10.d5 Ne7 11.e4 h6 12.Re1 Bg4 13.Qb3 c6 14.Be3 cxd5 15.exd5 Bxf3
16.Bxf3 Nf5 17.Rad1 Re8 18.d6 Nd4 19.Bxd4 exd4 20.Nb5 Qd7 21.a4 Rad8 22.Rxe8+ Rxe8
23.Nxd4 Nxa4 24.Qxb7 Qxb7 25.Bxb7 Nxb2 26.d7 Rf8 27.Rd2 Nc4 28.Rd1 Nb2 29.Rd2 Nc4  1/2-1/2

[Event "Slovan op"]
[Site "Bratislava"]
[Date "1995.??.??"]
[Round "?"]
[White "Ianov, Viktor"]
[Black "Kebis, Milos"]
[Result "1-0"]
[WhiteElo "2360"]
[BlackElo "2190"]

1.Nf3 d5 2.g3 Nf6 3.Bg2 g6 4.b3 Bg7 5.Bb2 O-O 6.c4 c6 7.O-O Nbd7 8.d3 Re8
9.Nbd2 a5 10.a3 Rb8 11.Qc2 e5 12.cxd5 Nxd5 13.Rac1 N7f6 14.e4 Nc7 15.Qc5 Nb5
16.a4 Nd7 17.Qc2 Nc7 18.Nc4 Na6 19.Bc3 Nb4 20.Bxb4 axb4 21.Nd6 Re6 22.Nxc8 Rxc8
23.Qc4 Bf8 24.Bh3 Re8 25.Ng5 Qe7 26.Qxf7+ Qxf7 27.Nxf7 Rc7 28.Ng5 Bh6 29.Ne6 Rcc8
30.f4 b6 31.Nd4 Nc5 32.Bxc8 Rxc8 33.Rxc5 bxc5 34.Ne6 exf4 35.gxf4 Kf7 36.Nxc5 Ke7
37.Kg2 Kd6 38.Nb7+ Kc7 39.Na5 Kb6 40.Nc4+ Kc5 41.a5 Kd4 42.a6 Bf8 43.f5 Kxd3
44.fxg6 hxg6 45.Nb6 Re8 46.a7 Bc5 47.a8=Q  1-0

[Event "Bratislava op"]
[Site "Bratislava"]
[Date "1995.??.??"]
[Round "9"]
[White "Lukac, Stefan"]
[Black "Deak, Gabriel"]
[Result "0-1"]
[WhiteElo "1950"]
[BlackElo "1915"]

1.Nf3 d5 2.g3 Nf6 3.Bg2 g6 4.d4 Bg7 5.O-O O-O 6.Nbd2 Nc6 7.c4 e6 8.e3 b6
9.b3 a5 10.Bb2 Bb7 11.Rc1 Re8 12.a3 Rb8 13.Qc2 Bf8 14.Rfe1 Bh6 15.c5 b5 16.Bf1 b4
17.a4 Na7 18.Ne5 c6 19.Bd3 Nc8 20.Ndf3 Ne7 21.g4 Bg7 22.h3 Ra8 23.Qe2 Qc8
24.g5 Nh5 25.Kg2 Nf5 26.Bc2 Qd8 27.Bxf5 exf5 28.h4 f6 29.Nd3 Qd7 30.gxf6 Bxf6
31.Nfe5 Qd8 32.Rg1 Bg7 33.Rh1 Qf6 34.Qf3 Bh6 35.Rcg1 Ba6 36.Nf4 Ng7 37.Kh3 Bxf4
38.Qxf4 Ne6 39.Qh6 Re7 40.Nxc6 Rg7 41.Ne5 f4 42.Bc1 Qf5+ 43.Kh2 Rf8 44.Rg2 f3
45.Rg4 Qc2 46.Kg3 Bc8 47.h5 g5 48.c6 Qf5 49.e4 dxe4 50.d5 Qxe5+ 51.Kh3 Nf4+
52.Bxf4 Bxg4+ 53.Kh2 Qxf4+ 54.Kg1 Rf6  0-1

[Event "RUS-chT"]
[Site "Briansk"]
[Date "1995.??.??"]
[Round "5"]
[White "Shliahtin, IE."]
[Black "Stripunsky, Alexander"]
[Result "1/2-1/2"]
[WhiteElo "2280"]
[BlackElo "2495"]

1.Nf3 d5 2.g3 c6 3.Bg2 Bg4 4.b3 Nd7 5.Bb2 e6 6.O-O h5 7.h3 Bxf3 8.exf3 h4
9.f4 hxg3 10.fxg3 Bc5+ 11.Kh2 Ndf6 12.Qe2 Nh6 13.d4 Bb6 14.Nd2 Nf5 15.Qd3 Ng4+
16.Kg1 Nge3 17.Rfe1 Nxg2 18.Kxg2 Qf6 19.Nf3 O-O-O 20.Rad1 Bc7 21.Bc1 Nxg3
22.Kxg3 g5 23.Rh1 gxf4+ 24.Kf2 Qh6 25.Rdg1 Kb8 26.Rg4 c5 27.c3 cxd4 28.cxd4 f6
29.Bxf4 Bxf4 30.Rh4 Qxh4+ 31.Nxh4 Rxh4 32.Qg6 Bg5 33.Re1 Rxh3 34.Rxe6 Rhh8
35.Re7 Ka8 36.Qf7 Rhf8 37.Rd7 a6 38.Qxd5 Rxd7 39.Qxd7 f5 40.Kf3 Rd8 41.Qxf5 Be7
42.Ke4 Bd6 43.Qf6 Bc7 44.Qe7 Kb8 45.b4 Rd6 46.a4 Rd8 47.Kd3 Bb6 48.a5 Bc7
49.Kc4 Rd6 50.d5 b6 51.Qe8+ Kb7 52.b5 bxa5 53.Kc5 axb5 54.Qxb5+ Kc8 55.Qe8+ Kb7
56.Qe5 Kc8 57.Qb2 Rb6 58.Qg2 Rd6 59.Qe4 Kb7 60.Qa4 Kb8  1/2-1/2

[Event "Ciocaltea mem"]
[Site "Bucharest"]
[Date "1995.??.??"]
[Round "3"]
[White "Dumitrache, Dragos"]
[Black "Itkis, Boris"]
[Result "1/2-1/2"]
[WhiteElo "2530"]
[BlackElo "2410"]

1.Nf3 d5 2.g3 c6 3.Bg2 Bg4 4.O-O Nd7 5.d3 e6 6.Nbd2 Bd6 7.h3 Bh5 8.e4 Ne7
9.Qe1 O-O 10.Nh4 Ng6 11.Nxg6 Bxg6 12.f4 Qb6+ 13.Kh1 Rae8 14.Nb3 f6 15.Be3 Qc7
16.Qf2 Kh8 17.a4 Bf7 18.Rfc1 e5 19.f5 a5 20.c4 dxc4 21.dxc4 Bb4 22.Bf1 Qd8  1/2-1/2

[Event "Spring op"]
[Site "Budapest"]
[Date "1995.??.??"]
[Round "?"]
[White "Czapp, Jozsef"]
[Black "Hoang Than Trang"]
[Result "0-1"]
[WhiteElo "2045"]
[BlackElo "2325"]

1.Nf3 d5 2.g3 c6 3.Bg2 Bg4 4.d3 Nd7 5.c4 Ngf6 6.cxd5 cxd5 7.O-O e6 8.Nc3 Bd6
9.Be3 O-O 10.Qd2 Qe7 11.h3 Bxf3 12.Bxf3 Ne5 13.Bg2 Nc6 14.d4 Rac8 15.Bf4 Bxf4
16.Qxf4 Qb4 17.e3 Qxb2 18.Rfc1 Na5 19.Rab1 Qa3 20.Ne2 Qxa2 21.Rxc8 Rxc8 22.Rc1 Nc4
23.Bf3 b5 24.g4 b4 25.Ng3 b3 26.g5 b2 27.gxf6 bxc1=Q+ 28.Nf1 Qab1 29.Bg2  0-1

[Event "Budapest FS07 GM"]
[Site "Budapest"]
[Date "1995.??.??"]
[Round "?"]
[White "Kahn, Evarth"]
[Black "Lukacs, Peter"]
[Result "1/2-1/2"]
[WhiteElo "2350"]
[BlackElo "2480"]

1.Nf3 d5 2.g3 c6 3.Bg2 Nf6 4.O-O Bg4 5.b3 Nbd7 6.Bb2 e6 7.d3 Be7 8.Nbd2 O-O
9.Qe1 a5 10.a3 b5 11.e4 Qb6 12.h3 Bh5 13.g4 Bg6 14.Nh4 Rac8 15.Kh1 dxe4 16.dxe4  1/2-1/2

[Event "Spring op"]
[Site "Budapest"]
[Date "1995.??.??"]
[Round "?"]
[White "Szilardfy, Gyula"]
[Black "Dmitriev, Igor"]
[Result "0-1"]
[WhiteElo "2200"]
[BlackElo "2435"]

1.g3 d5 2.Nf3 Nc6 3.Bg2 e5 4.d3 Nf6 5.O-O Be7 6.Bg5 Be6 7.Nc3 d4 8.Bxf6 gxf6
9.Ne4 f5 10.Ned2 h5 11.c3 dxc3 12.bxc3 h4 13.Qa4 Kf8 14.Rab1 Rb8 15.Rfd1 hxg3
16.hxg3 Bd6 17.e4 f4 18.d4 Bd7 19.dxe5 Nxe5 20.Qd4 Rh5 21.Nxe5 Bxe5 22.Qc5+ Qe7
23.Qxa7 Rc8 24.Rxb7 fxg3 25.Nf3 Bg4 26.Rd3 Bd6 27.e5 Bc5 28.Qa4 gxf2+ 29.Kf1 Rxe5
30.Nxe5 Qxe5  0-1

[Event "Budapest Mediflora"]
[Site "Budapest"]
[Date "1995.??.??"]
[Round "1"]
[White "Bilek, Istvan"]
[Black "Varga, Peter"]
[Result "0-1"]
[WhiteElo "2395"]
[BlackElo "2440"]

1.g3 d5 2.Nf3 c6 3.Bg2 Bg4 4.d3 Nd7 5.Nbd2 Ngf6 6.h3 Bh5 7.g4 Bg6 8.Nh4 e5
9.e3 Bd6 10.Qe2 Qe7 11.a3 Nc5 12.b3 Nfd7 13.Nxg6 hxg6 14.Bb2 f5 15.Rg1 O-O-O
16.gxf5 gxf5 17.Bf1 Ne6 18.c4 e4 19.cxd5 cxd5 20.dxe4 fxe4 21.Qg4 Ne5 22.Bxe5 Bxe5
23.Ra2 Kb8 24.Qf5 Bc3 25.Rc2 Rhf8 26.Qg4 Rc8 27.b4 Qf6 28.f4 d4 29.Rg3 d3
30.Ra2 Bxd2+ 31.Rxd2 Rc1+ 32.Kf2 Qc3  0-1

[Event "Budapest FS10 GM"]
[Site "Budapest"]
[Date "1995.??.??"]
[Round "1"]
[White "Reschke, Stefan"]
[Black "Almasi, Istvan"]
[Result "1/2-1/2"]
[WhiteElo "2380"]
[BlackElo "2395"]

1.Nf3 d5 2.g3 Nf6 3.Bg2 e6 4.c4 Be7 5.b3 O-O 6.Bb2 b6 7.O-O Bb7 8.e3 c5 9.Qe2 Nbd7
10.Nc3 Rc8 11.Rfd1 Ne4 12.cxd5 exd5 13.d3 Nxc3 14.Bxc3 Bf6 15.Qb2 Bxc3 16.Qxc3 d4
17.exd4 Bxf3 18.Bxf3 Qf6 19.Bb7 Rc7 20.Be4 Qxd4 21.Qxd4 cxd4 22.Rac1 Rfc8
23.Rc4 Rxc4 24.dxc4 Nc5 25.Bd5 Ne6 26.Bxe6 fxe6 27.Rxd4 Rc7 28.Kg2 Kf7 29.Kf3 Ke7
30.Ke4 Rc5 31.h4 h6 32.g4 g6 33.f4 Ra5 34.Rd2 Rc5 35.Rf2 b5 36.cxb5 Rxb5
37.Rc2 Kd7 38.Rc4 a5 39.Kd4 h5 40.gxh5 Rxh5 41.Rc5 Rxh4 42.Ke4 Rh5 43.Rg5 Ke7
44.Rxg6 Rh2 45.a4 Rh3 46.Rg7+ Kd6 47.Rb7 Rg3 48.Rb6+ Ke7 49.f5 exf5+ 50.Kxf5 Kd7
51.Ke4 Rg8 52.Kd4 Kc7 53.Rb5 Ra8 54.Kc4 Ra6 55.Rc5+ Kb7 56.Kd4 Rd6+ 57.Rd5 Kc6  1/2-1/2

[Event "Budapest"]
[Site "Budapest"]
[Date "1995.??.??"]
[Round "2"]
[White "Petran, Pal"]
[Black "Fancsy, Imre"]
[Result "0-1"]
[WhiteElo "2470"]
[BlackElo "2365"]

1.Nf3 d5 2.g3 c5 3.Bg2 g6 4.O-O Bg7 5.d3 Nc6 6.Nbd2 e6 7.e4 Nge7 8.Re1 O-O
9.a4 b6 10.h4 h6 11.Qe2 Nb4 12.Nb3 dxe4 13.Qxe4 Nxc2 14.Qxa8 Qxd3 15.Bf4 Nxe1
16.Rxe1 Qxb3 17.Bd6 Ba6 18.Qxa7 Nc8 19.Qxa6 Nxd6 20.a5  0-1

[Event "Schneider mem op"]
[Site "Budapest"]
[Date "1995.??.??"]
[Round "2"]
[White "Kahn, Evarth"]
[Black "Tomcsanyi, Peter"]
[Result "1-0"]
[WhiteElo "2400"]
[BlackElo "2260"]

1.Nf3 d5 2.g3 Nf6 3.Bg2 c6 4.O-O Bf5 5.d3 e6 6.c4 Nbd7 7.Nc3 Be7 8.cxd5 cxd5
9.Re1 Bg4 10.Qa4 O-O 11.h3 Bxf3 12.Bxf3 a6 13.Bg2 b5 14.Qd1 Rc8 15.e4 Nb6
16.e5 Nfd7 17.Qg4 Kh8 18.d4 Nc4 19.Ne2 Nb8 20.Nf4 Nc6 21.Rd1 a5 22.Bf1 Qb6
23.b3 Na3 24.Nh5 Rg8 25.Be3 Nb4 26.Rac1 Nac2 27.Bg5 Bxg5 28.Qxg5 Nxd4 29.Rxd4 Rxc1
30.Rh4 Rc2 31.Rf4 Qc7 32.Rh4 Qa7 33.Rf4  1-0

[Event "Budapest FS04 IM"]
[Site "Budapest"]
[Date "1995.??.??"]
[Round "2"]
[White "Schlusnik, Nandor"]
[Black "Estrada Nieto, Julian"]
[Result "1/2-1/2"]
[WhiteElo "2095"]
[BlackElo "2340"]

1.Nf3 d5 2.g3 Nf6 3.b3 e6 4.Bb2 Be7 5.Bg2 O-O 6.O-O c5 7.d4 Nc6 8.Nbd2 cxd4
9.Nxd4 Nxd4 10.Bxd4 Qc7 11.Bb2 Bd7 12.c4 Bc6 13.Rc1 Rfd8 14.Qc2 dxc4 15.Bxc6 Qxc6
16.Nxc4 Rac8 17.Rfd1 Rxd1+ 18.Qxd1 Qd5 19.Qxd5 Nxd5 20.a3  1/2-1/2

[Event "Budapest Mediflora"]
[Site "Budapest"]
[Date "1995.??.??"]
[Round "2"]
[White "Feher, Gyula"]
[Black "Almasi, Istvan"]
[Result "1/2-1/2"]
[WhiteElo "2420"]
[BlackElo "2375"]

1.Nf3 d5 2.g3 c6 3.Bg2 Bf5 4.d3 Nd7 5.O-O e5 6.c4 dxc4 7.dxc4 Bc5 8.Nc3 Ngf6
9.b3 O-O 10.Nh4 Be6 11.Qc2 Ne8 12.Bb2 g6 13.Rad1 Be7 14.Nf3 Qc7 15.Qc1 f6
16.Qh6 Nd6 17.e4 Nf7 18.Qc1 Rfd8 19.h3 Nc5 20.Qc2 a5 21.Rxd8+ Rxd8 22.Rd1 Rxd1+
23.Qxd1 Qb6 24.Ba3 Bf8 25.Bf1 Nd3 26.Qxd3 Bxa3 27.Na4 Qa7 28.Ne1 Bc5 29.Nxc5 Qxc5
30.Nc2 Qf8 31.h4 Qc5 32.a3 Kg7  1/2-1/2

[Event "Budapest FS10 IM-B"]
[Site "Budapest"]
[Date "1995.??.??"]
[Round "3"]
[White "Zaitsev, Vadim"]
[Black "Krutti, Valer"]
[Result "1-0"]
[WhiteElo "2350"]
[BlackElo "2355"]

1.Nf3 d5 2.g3 c6 3.b3 Bg4 4.Bg2 Nd7 5.Bb2 Ngf6 6.d3 e6 7.O-O Bd6 8.Nbd2 O-O
9.Qe1 Re8 10.h3 Bh5 11.e4 e5 12.Nh4 dxe4 13.dxe4 b5 14.Ndf3 Qc7 15.Rd1 Nc5
16.Nf5 Bf8 17.Rd2 Nfd7 18.Qe3 f6 19.Rfd1 Rad8 20.Ba3 Nxe4 21.Bxf8 Bxf3 22.Rxd7 Rxd7
23.Rxd7 Qxd7 24.Bxf3 Ng5 25.Bg4 Kxf8 26.Qc5+ Re7 27.Nxe7 Qxe7 28.Qxc6 b4
29.Qa8+ Kf7 30.Qd5+ Kf8 31.Qa8+ Kf7 32.h4 Ne6 33.Bxe6+ Kxe6 34.Qg8+ Kd6 35.Qxh7 Qc7
36.h5 Qe7 37.Qd3+ Ke6 38.c4 bxc3 39.Qxc3 Qa3 40.Qc4+ Kf5 41.f3  1-0

[Event "Budapest Mediflora"]
[Site "Budapest"]
[Date "1995.??.??"]
[Round "4"]
[White "Gross, Stefan"]
[Black "Almasi, Istvan"]
[Result "1/2-1/2"]
[WhiteElo "2370"]
[BlackElo "2375"]

1.Nf3 d5 2.g3 c6 3.Bg2 Bf5 4.d3 h6 5.O-O e6 6.Nbd2 Nf6 7.b3 Be7 8.Bb2 O-O
9.e3 Nbd7 10.Qe2 Qc7 11.Nd4 Bh7 12.f4 Bc5 13.N2f3 e5 14.fxe5 Nxe5 15.Nh4 Ned7
16.Ndf5 Rae8 17.Kh1 Re6 18.Qf3 Rfe8 19.Rae1 Qa5 20.a3 Qb6 21.Nd4 Bxd4 22.Bxd4 c5
23.Bb2 Ne5 24.Bxe5 Rxe5 25.Qf4 Qe6 26.Qa4 a6 27.Bf3 Qb6 28.Ng2 Bf5 29.g4 Bd7
30.Qf4 Qa5 31.a4 b5 32.axb5 axb5 33.h3 Qc3 34.Re2 R5e7 35.Rfe1 Be6 36.Qd6 Ra7
37.Qg3 Ra2 38.Rc1 Rea8 39.g5 hxg5 40.Qxg5 Ra1 41.Rxa1 Qxa1+ 42.Kh2 Qf1 43.Qg3 Ra1  1/2-1/2

[Event "HUN-ch"]
[Site "Budapest"]
[Date "1995.??.??"]
[Round "5"]
[White "Tolnai, Tibor"]
[Black "Gyimesi, Zoltan"]
[Result "0-1"]
[WhiteElo "2470"]
[BlackElo "2430"]

1.Nf3 d5 2.g3 c5 3.Bg2 Nc6 4.d4 e6 5.O-O b5 6.e4 Nf6 7.exd5 Nxd5 8.Nc3 Nxc3
9.bxc3 Bb7 10.Qe2 c4 11.a4 a6 12.Ne5 Rc8 13.axb5 axb5 14.Bxc6+ Bxc6 15.Ra7 Be7
16.Nxc6 Rxc6 17.Qe5 O-O 18.Qxb5 Rc8 19.Bf4 g5 20.Be3 Bf6 21.Rfa1 Qd5 22.R1a5 Qe4
23.Qb1 h6 24.Rb5 Kg7 25.Qd1 Ra8 26.Rxa8 Rxa8 27.Rb2 Ra3 28.Qe1 Qa8 29.Rb1 Qe4
30.Rc1 Kg6 31.h3 h5 32.Qd2 Qf3 33.Kh2 Be7 34.Rg1 g4 35.d5 Qxd5 36.Qe2 Qe4
37.Rd1 Bf6 38.Re1 Rxc3 39.Bc5 Qxc2 40.Qxc2+ Rxc2 41.hxg4 hxg4 42.Re4 Kg5
43.Be3+ Kh5 44.Kg2 Bg7  0-1

[Event "Budapest FS08 GM"]
[Site "Budapest"]
[Date "1995.??.??"]
[Round "6"]
[White "Nikolaidis, Ioannis"]
[Black "Kallai, Gabor"]
[Result "1-0"]
[WhiteElo "2540"]
[BlackElo "2490"]

1.Nf3 d5 2.g3 c6 3.Bg2 Nf6 4.O-O Bg4 5.d3 e6 6.b3 Bd6 7.Bb2 O-O 8.Qe1 Re8
9.Ne5 Bh5 10.e4 Nbd7 11.Nxd7 Nxd7 12.Nd2 a5 13.a3 b5 14.f4 f6 15.Kh1 Qb6
16.Bh3 Rad8 17.g4 Bf7 18.Rf3 e5 19.g5 fxg5 20.fxg5 Nf8 21.Bf5 Bh5 22.Rh3 g6
23.Rxh5 gxh5 24.Qe2 Re7 25.Rf1 Rg7 26.Nf3 Re8 27.Nh4 Ree7 28.Bh3 Rxg5 29.Bc1 Reg7
30.Bxg5 Rxg5 31.Qf3 Qb7 32.Nf5 Bxa3 33.Nh6+  1-0

[Event "Budapest FS10 IM-A"]
[Site "Budapest"]
[Date "1995.??.??"]
[Round "6"]
[White "Habibi, Ali"]
[Black "Reissmann, Wilfried"]
[Result "0-1"]
[WhiteElo "2295"]
[BlackElo "2265"]

1.Nf3 d5 2.g3 c6 3.d3 Bf5 4.Bg2 e6 5.O-O Nf6 6.b3 Be7 7.Bb2 O-O 8.c4 h6 9.Qc2 Nbd7
10.Nc3 Bh7 11.Rac1 Re8 12.Rfd1 Qb6 13.Na4 Qa5 14.c5 Qc7 15.Qc3 Bf8 16.Nd2 Rec8
17.e4 Rd8 18.e5 d4 19.Qxd4 Nxc5 20.Qe3 Nxa4 21.bxa4 Rxd3 22.Qe2 Ne8 23.Nc4 Rad8
24.a5 a6 25.Bc3 Bc5 26.Nb2 Rxd1+ 27.Rxd1 Rd7 28.Na4 Be7 29.Nb6 Rxd1+ 30.Qxd1 Qd8
31.Qb3 Qd3 32.Bf1 Qf3 33.Bg2 Qd3 34.Bf1 Qb1 35.Qc4 Nc7 36.Nc8 Bf8 37.Qb3 Nb5
38.Bb2 Bc2  0-1

[Event "Budapest FS04 IM"]
[Site "Budapest"]
[Date "1995.??.??"]
[Round "7"]
[White "Habibi, Ali"]
[Black "Orso, Miklos"]
[Result "1-0"]
[WhiteElo "2190"]
[BlackElo "2380"]

1.Nf3 d5 2.g3 Nf6 3.c4 c6 4.Qb3 dxc4 5.Qxc4 Be6 6.Qc2 Na6 7.a3 Qb6 8.Nc3 Bb3
9.Qb1 Ng4 10.e3 Rd8 11.Be2 h5 12.h3 Nf6 13.d4 e6 14.Nd2 h4 15.g4 Bd6 16.Qd3 e5
17.g5 Bd5 18.gxf6 Bxh1 19.fxg7 Rg8 20.Qh7 Ke7 21.Nc4 Qc7 22.Bd2 b5 23.O-O-O Bd5
24.Nxd5+ cxd5 25.Ba5 Qc6 26.Bxd8+ Rxd8 27.Qxh4+ Kd7 28.Qxd8+ Kxd8 29.g8=Q+ Ke7
30.Qg5+ Ke8 31.dxe5 Be7 32.Qg8+ Bf8 33.e6  1-0

[Event "Budapest Elekes"]
[Site "Budapest"]
[Date "1995.??.??"]
[Round "8"]
[White "Horvath, Csaba"]
[Black "Hoelzl, Franz"]
[Result "1/2-1/2"]
[WhiteElo "2500"]
[BlackElo "2355"]

1.Nf3 d5 2.g3 Nc6 3.Bg2 e5 4.d3 g6 5.O-O Bg7 6.c3 Nge7 7.e4 O-O 8.b4 dxe4
9.dxe4 Qxd1 10.Rxd1 Rd8 11.Nbd2 f6 12.b5 Nb8 13.Ba3 Bf8 14.Nb3 Re8 15.Bb4 b6
16.a4 a5 17.Ba3 Be6 18.Nfd2 Nc8 19.Bxf8 Kxf8 20.c4 Nd7 21.Rac1 Rd8 22.Bf3 Ne7
23.Be2  1/2-1/2

[Event "Budapest FS10 IM-B"]
[Site "Budapest"]
[Date "1995.??.??"]
[Round "9"]
[White "Zaitsev, Vadim"]
[Black "Majigsuren, Dovdon"]
[Result "1-0"]
[WhiteElo "2350"]
[BlackElo "2155"]

1.Nf3 d5 2.g3 Nf6 3.Bg2 g6 4.b3 Bg7 5.Bb2 O-O 6.c4 c5 7.cxd5 Nxd5 8.Bxg7 Kxg7
9.O-O Nc6 10.d4 cxd4 11.Nxd4 Ndb4 12.Nxc6 Nxc6 13.Bxc6 bxc6 14.Qxd8 Rxd8
15.Nc3 Ba6 16.Rfd1 e6 17.f3 Bb5 18.Kf2 f5 19.Ke3 Kf6 20.Rac1 a5 21.a4 Ba6
22.Rxd8 Rxd8 23.Nb1 Bb7 24.Rc5 Rd5 25.Rc2 e5 26.Nc3 Rd4 27.Na2 g5 28.Nc1 f4+
29.Kf2 Ke6 30.Nd3 Kd6 31.Nc5 Bc8 32.Ne4+ Kc7 33.Nxg5 Bf5 34.Rc3 h5 35.Nf7 e4
36.gxf4 exf3 37.Kxf3 Rb4 38.Ne5 Be4+ 39.Ke3 Bd5 40.Nc4 Bxc4 41.bxc4 Rxa4
42.f5 Ra1 43.Kd4 a4 44.e4 a3 45.Ke5 Kd7 46.Rd3+ Ke7 47.Rb3  1-0

[Event "Budapest FS09 IM-A"]
[Site "Budapest"]
[Date "1995.??.??"]
[Round "9"]
[White "Held, Markus"]
[Black "Peredy, Ferenc"]
[Result "1/2-1/2"]
[WhiteElo "2210"]
[BlackElo "2235"]

1.Nf3 d5 2.g3 c6 3.d3 Bg4 4.Bg2 Nf6 5.O-O Nbd7 6.Nbd2 e5 7.e4 dxe4 8.dxe4 Bc5
9.h3 Bxf3 10.Qxf3 O-O 11.Nc4 Re8  1/2-1/2

[Event "HUN-ch (Women)"]
[Site "Budapest"]
[Date "1995.??.??"]
[Round "11"]
[White "Csom, Etelka"]
[Black "Forgo, Eva"]
[Result "1/2-1/2"]
[WhiteElo "2130"]
[BlackElo "2250"]

1.Nf3 d5 2.g3 Nf6 3.Bg2 c6 4.O-O g6 5.d4 Bg7 6.b3 O-O 7.Bb2 a5 8.Nbd2 Na6
9.Ne5 Bf5 10.c4 Nd7 11.e4 dxe4 12.Nxe4 Nxe5 13.dxe5 Qc7 14.f4 Rfd8 15.Qe2 h5
16.Bf3 Nb4 17.Bc3 c5 18.Rfd1 Nc6 19.Qf2 b6 20.a3 Rac8 21.Qb2 Bh6 22.Rd5 Be6
23.Rdd1 a4 24.bxa4 Bxc4 25.Rxd8+ Rxd8 26.Rb1 Qd7 27.Rd1 Qc7 28.Rxd8+ Qxd8
29.Nd2 Qd3 30.Nxc4 Qxf3 31.Nxb6 h4 32.e6 Qe3+ 33.Kf1 Qxe6 34.Qe2 Qf5 35.a5 Bg7
36.Bxg7 Kxg7 37.Qb2+ Kh7 38.a6 Qd3+ 39.Kg2 Qxa6 40.Nd7 Qd3  1/2-1/2

[Event "Budapest FS08 GM"]
[Site "Budapest"]
[Date "1995.??.??"]
[Round "13"]
[White "Nikolaidis, Ioannis"]
[Black "Lehmann, Zoltan"]
[Result "1/2-1/2"]
[WhiteElo "2540"]
[BlackElo "2335"]

1.Nf3 d5 2.g3 c6 3.Bg2 Bg4 4.O-O Nd7 5.d3 e6 6.Nbd2 Bd6 7.b3 Ne7 8.Bb2 O-O
9.Qe1 a5 10.a3 b5 11.e4 Bxf3 12.Nxf3 c5 13.exd5 exd5 14.Qc3 Nf6 15.Qd2 d4
16.a4 b4 17.Rae1 Ng6 18.Qd1 Qd7 19.Nd2 Rae8 20.Nc4 Bc7 21.f4 Rxe1 22.Rxe1 Re8
23.Bc1 Rxe1+ 24.Qxe1 Ne7 25.Bd2 Ned5 26.Qe2 Nc3 27.Bxc3 dxc3 28.Qf3 h5 29.Qa8+ Kh7
30.Bf3  1/2-1/2

[Event "Buenos Aires VII Najdorf op"]
[Site "Buenos Aires"]
[Date "1995.??.??"]
[Round "9"]
[White "Paglilla, Carlos"]
[Black "Reides, Marcelo"]
[Result "1/2-1/2"]
[WhiteElo "2400"]
[BlackElo "2325"]

1.Nf3 d5 2.g3 c5 3.Bg2 Nc6 4.d4 e6 5.O-O Nf6 6.c3 Bd6 7.Bg5 h6 8.Bxf6 Qxf6
9.dxc5 Bxc5 10.Nbd2 O-O 11.e4 Bb6 12.Qe2 Rd8 13.e5 Qe7 14.c4 Qb4 15.b3 a5
16.a3 Qe7 17.Ra2 Bc5 18.Nb1 Bd7 19.Rd1 dxc4 20.Qxc4 Rac8 21.Rad2 Be8 22.Rxd8 Rxd8
23.Rxd8 Qxd8 24.Qxc5 Qd1+ 25.Bf1 Qxb1 26.Qc3 Qd1 27.h4  1/2-1/2

[Event "BUL-ch rapid"]
[Site "?"]
[Date "1995.??.??"]
[Round "?"]
[White "Kirov, Nino"]
[Black "Ninov, Nikolai"]
[Result "1/2-1/2"]
[WhiteElo "2455"]
[BlackElo "2435"]

1.Nf3 d5 2.g3 c5 3.Bg2 g6 4.c3 Bg7 5.d4 cxd4 6.cxd4 Nc6 7.Nc3 e6 8.h4 Nge7
9.h5 Nf5 10.e3 b6 11.b3 a5 12.Ba3 Ba6 13.Bf1 Bxf1 14.Kxf1 Nb4 15.Kg2 Qd7
16.hxg6 hxg6 17.Rxh8+ Bxh8 18.Qh1 Bg7 19.Rc1 f6 20.g4 Nd6 21.Qh7 Qf7 22.Qh2 Bf8
23.Na4 b5 24.Nc5 g5 25.Bxb4 axb4 26.Rc2 Rc8 27.Ne1 Qg6 28.Qh5 Qxh5 29.gxh5 Kf7
30.Na6 Rc3 31.Nxb4 Ne4  1/2-1/2

[Event "BUL-ch"]
[Site "?"]
[Date "1995.??.??"]
[Round "?"]
[White "Kirov, Nino"]
[Black "Ninov, Nikolai"]
[Result "1/2-1/2"]
[WhiteElo "2455"]
[BlackElo "2435"]

1.Nf3 d5 2.g3 c5 3.Bg2 g6 4.O-O Bg7 5.c3 Nc6 6.d4 cxd4 7.cxd4 Nf6 8.Nc3 Ne4
9.Ne5 Nxe5 10.dxe5 Nxc3  1/2-1/2

[Event "BUL-ch"]
[Site "?"]
[Date "1995.??.??"]
[Round "?"]
[White "Spassov, Liuben"]
[Black "Dragiev, Veselin"]
[Result "1-0"]
[WhiteElo "2455"]
[BlackElo "2330"]

1.Nf3 d5 2.g3 c5 3.Bg2 Nc6 4.d4 Nf6 5.O-O e6 6.c4 dxc4 7.Ne5 Nxd4 8.e3 Nf5
9.Qxd8+ Kxd8 10.Nxf7+ Ke7 11.Nxh8 g6 12.Na3 Bg7 13.Nxg6+ hxg6 14.Nxc4 Nd7
15.Bd2 Rb8 16.Bc3 Bxc3 17.bxc3 b6 18.Rfd1 Ba6 19.Bf1 g5 20.e4 Bxc4 21.exf5 Bxf1
22.fxe6 Ne5 23.Kxf1 Kxe6 24.h3 Rf8 25.Re1 Rf3 26.Kg2 Rxc3 27.f4 gxf4 28.gxf4 Rc2+
29.Kg1  1-0

[Event "Cannes Martinez op"]
[Site "Cannes"]
[Date "1995.??.??"]
[Round "1"]
[White "Lupu, Mircea Sergiu"]
[Black "Sighirdjian, Eric Michael"]
[Result "1-0"]
[WhiteElo "2490"]
[BlackElo "2205"]

1.Nf3 d5 2.g3 g6 3.Bg2 Bg7 4.d4 Nf6 5.O-O O-O 6.c4 c6 7.cxd5 cxd5 8.Nc3 Nc6
9.Ne5 Be6 10.Bf4 Rc8 11.Nxc6 Rxc6 12.Be5 Qd7 13.Qd2 Rfc8 14.Rfd1 Ne8 15.e4 Nc7
16.h4 b5 17.a3 Rc4 18.Bxg7 Kxg7 19.Bf1 Bg4 20.Re1 Bf3 21.Re3 dxe4 22.Bxc4 bxc4
23.Nxe4 Qg4 24.Ng5 Bd5 25.Kh2 h6 26.f3 Qd7 27.Nh3 Ne6 28.Rae1 Rd8 29.Kg2 Kh7
30.Ng1 Bc6 31.Ne2 Ng7 32.Rc3 Nf5 33.Qf4 Qd5 34.Kf2 f6 35.h5 g5 36.Qe4 Qxe4
37.fxe4 Nd6 38.Kg1 Bxe4 39.Re3 f5 40.Nc3 Rb8 41.R1e2 Kg7 42.d5 g4 43.Rf2 Rb3
44.Kf1 Nb5 45.Nd1 Nd4 46.Rxb3 cxb3 47.Nc3 Bd3+ 48.Kg2 Nf3 49.Rxf3 gxf3+ 50.Kxf3 Kf6
51.Ke3 Bf1 52.Nb1 Ke5 53.Nd2 Bg2 54.Nxb3 Kxd5 55.Nd4 Be4 56.Nb5 a5 57.Nc3+ Ke5
58.Nxe4 fxe4 59.b4 axb4 60.axb4  1-0

[Event "Cannes op"]
[Site "Cannes"]
[Date "1995.??.??"]
[Round "2"]
[White "Dizdarevic, Emir"]
[Black "Jonkman, Harmen"]
[Result "1-0"]
[WhiteElo "2465"]
[BlackElo "2290"]

1.Nf3 d5 2.g3 Nf6 3.Bg2 e6 4.O-O Be7 5.d3 c5 6.Nbd2 Nc6 7.e4 b6 8.Re1 Bb7
9.c3 Qc7 10.a3 dxe4 11.dxe4 O-O 12.Nc4 Rad8 13.Qc2 b5 14.Bf4 Qc8 15.Ncd2 h6
16.a4 a6 17.axb5 axb5 18.Bf1 c4 19.b3 cxb3 20.Qxb3 e5 21.Be3 b4 22.Rec1 Qe6
23.Qxe6 fxe6 24.Bh3 Nxe4 25.Bxe6+ Kh8 26.Nxe4 Rxf3 27.Bg4 Rff8 28.Nc5 Bc8
29.Bxc8 Rxc8 30.cxb4 Nxb4 31.Nd7 Rfe8 32.Nxe5 Bf6 33.Nf7+ Kg8 34.Nd6 Rcd8
35.Rab1 Rxd6 36.Rxb4 Red8 37.Rcc4 Rd1+ 38.Kg2 R1d5 39.h4 Be7 40.Rb7 R5d7
41.Rxd7 Rxd7 42.h5 Rd5 43.g4 Ra5 44.f4 Bf6 45.Kf3 Kf7 46.Ke4 Rb5 47.Ra4 Kg8
48.Bd2 Kf7 49.Ra7+ Kg8 50.Ba5 Rb8 51.Bc7 Re8+ 52.Kf5 Rf8 53.Kg6 Bd4 54.Ra6 Re8
55.Rd6 Be3 56.Rc6 Bd4 57.Ra6 Bc3 58.Rb6 Bd4 59.Rb8 Rxb8 60.Bxb8 Bc5 61.Be5 Bf8
62.Bd4 Bd6 63.f5 Bf8 64.Be5 Kh8 65.g5 hxg5 66.h6 Kg8 67.h7+ Kh8 68.f6  1-0

[Event "Cannes op"]
[Site "Cannes"]
[Date "1995.??.??"]
[Round "3"]
[White "Nalbandian, Tigran"]
[Black "Howell, James C"]
[Result "1-0"]
[WhiteElo "2430"]
[BlackElo "2520"]

1.Nf3 d5 2.g3 g6 3.Bg2 Bg7 4.O-O e5 5.d3 Ne7 6.c4 dxc4 7.dxc4 O-O 8.Nc3 Na6
9.Nd2 f5 10.Nb3 c6 11.Qxd8 Rxd8 12.Bg5 Re8 13.Rfd1 Nc7 14.Na4 h6 15.Be3 b6
16.Rd6 Be6 17.Rad1 e4 18.Nd4 Bxc4 19.Nxc6 Bxe2 20.R1d2 Bb5 21.Nxe7+ Rxe7
22.Nc3 Be8 23.f4 Bf7 24.Bf1 Rc8 25.Rc6 Rf8 26.a4 Ne6 27.Nd5 Ree8 28.Bc4 Kh7
29.b4 Rc8 30.b5 Nc5 31.Rxc8 Rxc8 32.Nxb6 axb6 33.Bxf7 Rc7 34.Be8 Rc8 35.Bc6 Nxa4
36.Rd7 Nc5 37.Re7 Rd8 38.Kf1 Kg8 39.Bxc5 bxc5 40.b6 c4 41.b7 c3 42.Bd5+ Kh7
43.Rc7  1-0

[Event "Cannes Martinez op"]
[Site "Cannes"]
[Date "1995.??.??"]
[Round "3"]
[White "Levacic, Patrick"]
[Black "Szabolcsi, Janos"]
[Result "1/2-1/2"]
[WhiteElo "2345"]
[BlackElo "2475"]

1.Nf3 d5 2.g3 c6 3.b3 Bg4 4.Bg2 Nd7 5.Bb2 Qc7 6.c4 dxc4 7.bxc4 Bxf3 8.Bxf3 Ne5
9.Bxe5 Qxe5 10.Nc3 Nf6 11.Rb1 Qc7 12.Qa4 Nd7 13.d4 g6 14.O-O Bg7 15.Rfd1 O-O
16.Qb3 b6 17.a4 Rac8 18.Qa3 Rfe8 19.Ne4 h6 20.c5 f5 21.cxb6 axb6 22.Nc3 e5
23.Rbc1 e4 24.Bg2 Kh7 25.e3 Qa7 26.Qb3 Ra8 27.Bf1 Re7 28.Ra1 h5 29.Ra2 h4
30.Rc1 Qa5 31.Bc4 Bf6 32.Ne2 g5 33.Be6 Nf8 34.Bg8+ Kg7 35.Raa1 c5 36.Bd5 Rd8
37.Bc4 cxd4 38.Nxd4 Bxd4 39.exd4 Rxd4 40.Qe3 Qd2 41.Rab1 Nd7 42.Rc2 Qxe3
43.fxe3 Rd6 44.Rf2 Ne5 45.Be2 Rf6 46.Rbf1 hxg3 47.hxg3 Ra7 48.Kg2 Kg6 49.Bb5 Nf3
50.Be8+ Kg7 51.Rh1 Ra8 52.Bb5 Rd6 53.Rc2 Rad8 54.Rc7+ Kg6 55.Be2 R8d7 56.Rc8 Rd2
57.Kf1 g4 58.Rhh8 Ne5 59.Rce8 Kf6 60.Rhf8+ Nf7 61.Rb8 R2d6 62.Rfc8 Rd8 63.Rxd8 Nxd8
64.Bc4 Ke7 65.Ke2 Nc6 66.Rb7+ Kf6 67.Bg8 Ke5 68.Rxb6 Rh6 69.Bc4 Rh2+ 70.Kf1 Nd8
71.a5 Rc2 72.Be2 Nc6 73.a6 Kd5 74.Rb7 Ra2 75.Rb5+ Kd6 76.Rxf5 Ne5 77.Rg5 Nf3
78.Rg7 Kc6 79.Kf2 Ne5 80.Ke1 Nf3+ 81.Kf2 Ne5 82.Ke1 Nf3+ 83.Kf2  1/2-1/2